000 00189nam a22000977a 4500
003 SGT
245 _aDental Traumatology
260 _aBlack well
_c2010
300 _a532,499
942 _2ddc
_cBV
999 _c31266
_d31266